|
|
|
|
| LEADER |
00000nam a22000007a 4500 |
| 001 |
20150703115809.0 |
| 003 |
AR-RoUNA |
| 005 |
20190731123436.0 |
| 008 |
131121s2014 ag ||||| |||| 00| 0 spa d |
| 020 |
|
|
|a 9789871915514
|
| 040 |
|
|
|a AR-RoUNA
|
| 041 |
|
|
|a spa
|
| 044 |
|
|
|a ag
|
| 100 |
1 |
|
|9 42174
|a Risuleo, Fernando
|
| 245 |
1 |
0 |
|a Análisis de las innovaciones en el sector energético :
|b el futuro de la energía /
|c Fernando Risuleo
|
| 250 |
|
|
|a 1a. ed.
|
| 260 |
|
|
|a Ciudad Autónoma de Buenos Aires :
|b FODECO,
|c 2014
|
| 300 |
|
|
|a 77 p. :
|c 29X21 cm.
|
| 490 |
0 |
|
|a Área de pensamiento estratégico
|
| 650 |
|
4 |
|9 16047
|a Innovación
|
| 650 |
|
4 |
|9 16295
|a Energias renovables
|
| 650 |
|
4 |
|9 14493
|a Bioenergias
|
| 650 |
|
4 |
|9 13637
|a Recursos energeticos
|
| 650 |
|
4 |
|9 13071
|a Energia solar
|
| 650 |
|
4 |
|9 13066
|a Energia eólica
|
| 650 |
|
4 |
|9 15722
|a Energias de la biomasa
|
| 650 |
|
4 |
|a Energias alternativas
|9 3992
|
| 710 |
2 |
|
|9 39302
|a Cámara Argentina de la Construcción
|
| 908 |
|
|
|a Imp
|
| 930 |
|
|
|e 10717
|
| 942 |
|
|
|2 udc
|
| 945 |
|
|
|a MIA
|d 2016-05-10
|
| 999 |
|
|
|c 6372
|d 6372
|